Yan Block por álbumes - Statistics

General Stats
  • This quiz has been taken 47 times
  • The average score is 9 of 12
Answer Stats
Answer % Correct
18
90%
Esa Mirada
87%
Vacile
83%
Korazón de Piedra
77%
Pitcher
77%
D3MON
73%
Mastercard
73%
SLM
73%
Outro F U
70%
GPS
67%
Friza
63%
Sigo
57%
No matching quizzes found
Score Distribution
Percent of People with Each Score
Percentile by Number Answered
Your Score History
You have not taken this quiz